Cuentos completos / (Registro nro. 7243)

Detalles MARC
000 -LIDER
fixed length control field 01423nam a2200301 a 4500
001 - NÚMERO DE CONTROL
Identificador de número de control 000011832
003 - IDENTIFICACDOR DE NÚMERO DE CONTROL
control field DO-SdBNP
005 - DATE AND TIME OF LATEST TRANSACTION
control field 20220207080003.0
007 - CAMPOS FIJOS DE DESCRIPCIÓN FÍSICA
fixed length control field 000011832
008 - ELEMENTOS DE LONGITUD FIJA
fixed length control field 091028s2000 dr 000 0 spa d
020 ## - ISBN
International Standard Book Number 9993431036
040 ## - FUENTE DE CATALOGACIÓN
Agencia que crea de manera original el registro BPMSU
Idioma de catalogación spa
Agencia que realiza la transcripción BPMSU
049 ## - LOCAL HOLDINGS (OCLC)
Holding library
082 ## - NÚMERO DE CLASIFICACIÓN DECIMAL DE DEWEY
Classification number RD863.44
Item number C292c 2000
Edition number 22
100 1# - ASIENTO PRINCIPAL -- NOMBRE PERSONAL
Nombre personal Caro, Néstor,
Fechas asociadas con el nombre 1917-
245 10 - MENCIÓN DE TITULO
Título Cuentos completos /
Mención de responsabilidad Néstor Caro.
260 ## - PUBLICACIÓN, DISTRIBUCIÓN, ETC. (PIE DE IMPRENTA)
Lugar de publicación, distribución, etc Santo Domingo :
Nombre del editor, distribuidor, etc. Biblioteca Nacional,
Fecha de publicación, distribución, etc 2000.
300 ## - DESCRIPCIÓN FÍSICA
Extensión 121 p. ;
Dimensiones 23 cm.
490 ## - MENCIÓN DE SERIES
Mención de serie Biblioteca Nacional de la República Dominicana
-- Narrativa
Volume/sequential designation 2/1
500 ## - NOTA GENERAL
Materiales especificados Incluye datos biográficos del autor en la solapa de la cubierta
505 0# - NOTA DE CONTENIDO
Información miscelánea Cielo Negro: cuentos (1950) --
Título Cielo negro ;
-- Nuestro pan ;
-- Wilí ;
-- El funcionario ;
-- El hombre del saco ;
-- El hombre de la calle ;
-- El hombrecito ;
-- Los amos buenos ;
-- Chano ;
-- La dueña del llano ;
-- Mis amores ;
-- Sur ;
-- Los cuentos de Néstor Caro ;
Información miscelánea Sándalo : cuentos (1975) --
Título Había una vez un hombre llamado Sándalo ;
-- La casa llanera ;
-- Guanuma ;
-- Celosía ;
-- El tipo aquél ;
-- El señor Bonnier ;
-- Una mujer ;
-- Dios --
Información miscelánea Apéndice : Los cuentos de Néstor Caro. Por Enrique García Ruiz.
590 ## - NOTA LOCAL
Enlace Inventariado, 2022/VM
650 #4 - ENCABEZAMIENTO DE MATERIA--TEMÁTICO
Término temático o nombre geográfico como elemento de entrada Cuentos dominicanos
Lugar del evento Colecciones
650 #4 - ENCABEZAMIENTO DE MATERIA--TEMÁTICO
Término temático o nombre geográfico como elemento de entrada Literatura dominicanan
710 2# - ASIENTO SECUNDARIO -- NOMBRE CORPORATIVO
Nombre corporativo o de jurisdicción Biblioteca Nacional (República Dominicana)
910 ## - VALIDACIÓN
Validación VMateo V.
942 ## - ADDED ENTRY ELEMENTS (KOHA)
Source of classification or shelving scheme Dewey Decimal Classification
Koha item type Libros
Existencias
Withdrawn status Lost status Source of classification or shelving scheme Damaged status Not for loan Collection code Home library Current library Date acquired Source of acquisition Total Checkouts Full call number Barcode Date last seen Copy number Price effective from Koha item type
    Dewey Decimal Classification     Colección Dominicana Biblioteca Pública Metropolitana Salomé Ureña Biblioteca Pública Metropolitana Salomé Ureña 01/27/2015 Biblioteca Nacional   BPMSU CD RD863.44 C292c 2000 BPMSU15040787 01/27/2015 01/27/2015 Libros
    Dewey Decimal Classification     Colección Dominicana Biblioteca Pública Metropolitana Salomé Ureña Biblioteca Pública Metropolitana Salomé Ureña 01/27/2015 Biblioteca Nacional   BPMSU CD RD863.44 C292c 2000 BPMSU15040788 01/27/2015 e. 2 01/27/2015 Libros
    Dewey Decimal Classification     Colección Dominicana Biblioteca Pública Metropolitana Salomé Ureña Biblioteca Pública Metropolitana Salomé Ureña 01/27/2015 Biblioteca Nacional   BPMSU CD RD863.44 C292c 2000 BPMSU15040789 01/27/2015 e. 3 01/27/2015 Libros